Текст томруулах:    
Computing Essentials 2007 (Бичлэгийн дугаар. 146151)
000 -УДИРДЛАГА
Удирдлага 01253 a2200409 4500
003 - ХЯНАЛТЫН ТОО ТОДОРХОЙЛОГЧ
Код MN-UlNUM
005 - БИЧИЛТ ХИЙСЭН ОГНОО
Тухайн бичилтийг бичсэн засварласан сүүлийн огноо 20260109192934.0
008 - ЕРӨНХИЙ МЭДЭЭЛЭЛ
Ерөнхий мэдээлэл 110605s2007 maua 001 0 eng
020 ## - ISBN
ISBN 9780073228013
-- 007322801X
040 ## - БИЧЛЭГ ҮҮСГЭГЧ БАЙГУУЛЛАГА
Бичлэг үүсгэгч номын сангийн код МУИС-ийн номын сан
084 ## - ББК АНГИЛАЛ
ББК ангилал 32.973.2
Зохиогчийн гурван тэмдэгт O-10
Нэмэлт тусгалт Бусад
Мэдлэгийн ялгаа 3 - Техник
100 1# - ЗОХИОГЧ
Зохиогчийн нэр O'Leary, Timothy J.
Зохиогчийн огноо 1947-
245 10 - ҮНДСЭН ГАРЧИГ
Номын нэр Computing Essentials 2007
Оролцогчдын тухай мэдээ Timothy J. O'Leary, Linda I. O'Leary
250 ## - ДАХИН ХЭВЛЭЛТ
Дахин гаралтын дугаар Introductory ed.
260 ## - ГАРАЛТЫН МЭДЭЭ
Хэвлэгдсэн газар Boston
Хэвлэлийн газар McGraw-Hill/Irwin
Хэвлэгдсэн он 2007
300 ## - МАТЕРИАЛЫН ТОДОРХОЙЛОЛТ
хуудасны тоо xxvi, 398 p.
Бусад тоон мэдээлэл col. ill.
Хэмжээ 28 cm.
490 1# - БОТЬ / ЦУВРАЛЫН ТУХАЙ МЭДЭЭ
Боть / цувралын зохиогч O'Leary series
500 ## - Тайлбар
Дансны дугаар БС 6106
546 ## - ХЭЛНИЙ ТУХАЙ МЭДЭЭ
Хэл Англи хэл дээр,
653 ## - Түлхүүр үг
Түлхүүр үг technology
653 ## - Түлхүүр үг
Түлхүүр үг computers
653 ## - Түлхүүр үг
Түлхүүр үг electronic data processing
700 1# - ХАМ ЗОХИОГЧИД
Ба бус O'Leary, Linda I.
740 ## - НОМЫН ГАРЧИГ
Гарчиг Information Technology, the Internet, and You
740 ## - НОМЫН ГАРЧИГ
Гарчиг The Internet, the Web, and Electronic Commerce
740 ## - НОМЫН ГАРЧИГ
Гарчиг Basic Application Software
740 ## - НОМЫН ГАРЧИГ
Гарчиг Specialized Application Software
740 ## - НОМЫН ГАРЧИГ
Гарчиг System Software
740 ## - НОМЫН ГАРЧИГ
Гарчиг The System Unit
740 ## - НОМЫН ГАРЧИГ
Гарчиг Input and Output
740 ## - НОМЫН ГАРЧИГ
Гарчиг Secondary Storage
740 ## - НОМЫН ГАРЧИГ
Гарчиг Communications and Networks
740 ## - НОМЫН ГАРЧИГ
Гарчиг Privacy and Security
740 ## - НОМЫН ГАРЧИГ
Гарчиг Your Future and Information Technology
942 ## - ЭЛЕМЕНТИЙН ТӨРӨЛ
Зүйлийн төрөл Ном